Vzťah slobody, bezpečnosti a právneho štátu (inter arma silent leges)
Kategória slobody, jej tradície. Paradox slobody občanov a sily štátu. Historický vývoj ľudskoprávnycvh garancií. Thomas Hobbes a koncept slobody. John Lock a vzťah štátu a jednotlivca. Koncept slobody immanuela Kanta.
Na minha lista:
| Autor principal: | |
|---|---|
| Formato: | Capítulo de Livro |
| Idioma: | eslovaco |
| Assuntos: | |
| Tags: |
Sem tags, seja o primeiro a adicionar uma tag!
|
MARC
| LEADER | 00000naa a2200000 4500 | ||
|---|---|---|---|
| 001 | 0169777 | ||
| 005 | 20231208095916.7 | ||
| 041 | 0 | |a slo | |
| 044 | |a SK | ||
| 245 | 1 | 0 | |a Vzťah slobody, bezpečnosti a právneho štátu (inter arma silent leges) |c Milan Hodás |
| 520 | |a Kategória slobody, jej tradície. Paradox slobody občanov a sily štátu. Historický vývoj ľudskoprávnycvh garancií. Thomas Hobbes a koncept slobody. John Lock a vzťah štátu a jednotlivca. Koncept slobody immanuela Kanta. | ||
| 610 | 2 | 0 | |a sloboda |
| 610 | 2 | 0 | |a bezpečnosť |
| 610 | 2 | 0 | |a štát právny |
| 610 | 2 | 0 | |a história |
| 610 | 2 | 0 | |a pojmy |
| 100 | 1 | |a Hodás, Milan | |